[Event "6th LCC Super Rapidplay Open 2014"]
[Site "London ENG"]
[Date "2014.12.06"]
[Round "3.10"]
[White "Lenderman, Aleksandr"]
[Black "Longson, Alexander"]
[Result "1-0"]
[WhiteTitle "GM"]
[BlackTitle "FM"]
[WhiteElo "2608"]
[BlackElo "2339"]
[WhiteFideId "2021285"]
[BlackFideId "408093"]
[EventDate "2014.12.06"]

1. d4 d5 2. Nf3 Nf6 3. g3 e6 4. Bg2 Be7 5. c4 O-O 6. Qc2 c5 7. O-O cxd4 8. Nxd4
e5 9. Nf5 d4 10. Nxe7+ Qxe7 11. Bg5 Nc6 12. Nd2 h6 13. Bxf6 Qxf6 14. c5 Qe7 15.
a3 a5 16. Rac1 Rd8 17. Rfe1 Bg4 18. Qd3 a4 19. Ne4 Bf5 20. Qd2 Bxe4 21. Bxe4 Na5
22. Rc2 Nb3 23. Qb4 Rac8 24. Bxb7 Rxc5 25. Bc6 Qd6 26. Rxc5 Nxc5 27. Bb5 e4 28.
Rc1 Rc8 29. Bxa4 d3 30. exd3 exd3 31. Bb5 d2 32. Rd1 Rd8 33. Bf1 Qd5 34. a4 Ne4
35. Bg2 f5 36. a5 Kh8 37. a6 Qd3 38. Qa5 Qd4 39. Bxe4 fxe4 40. a7 Ra8 41. Rxd2
Qxa7 42. Rd8+ 1-0

[Event "6th LCC Super Rapidplay Open 2014"]
[Site "London ENG"]
[Date "2014.12.06"]
[Round "4.2"]
[White "Caruana, Fabiano"]
[Black "Dragun, Kamil"]
[Result "1-0"]
[WhiteTitle "GM"]
[BlackTitle "GM"]
[WhiteElo "2829"]
[BlackElo "2547"]
[WhiteFideId "2020009"]
[BlackFideId "1134167"]
[EventDate "2014.12.06"]

1. d4 Nf6 2. c4 e6 3. g3 Bb4+ 4. Bd2 Qe7 5. Nf3 Bxd2+ 6. Qxd2 Nc6 7. Nc3 d5 8.
Bg2 dxc4 9. Ne5 Nxe5 10. dxe5 Nd7 11. Qd4 Qc5 12. Qxc5 Nxc5 13. O-O-O Nd7 14. f4
Ke7 15. Rd4 Nb6 16. Rhd1 Rb8 17. Ne4 Bd7 18. Nc5 Bc6 19. Bxc6 bxc6 20. Na6 Rbd8
21. Nb4 Rd5 22. Nxc6+ Kd7 23. Nb4 Rxd4 24. Rxd4+ Kc8 25. Nc6 a6 26. Kd2 h5 27.
h3 Re8 28. e4 g6 29. Kc3 Rf8 30. Kb4 Kb7 31. Rd8 1-0

[Event "6th LCC Super Rapidplay Open 2014"]
[Site "London ENG"]
[Date "2014.12.06"]
[Round "4.3"]
[White "Stopa, Jacek"]
[Black "Anand, Viswanathan"]
[Result "1/2-1/2"]
[WhiteTitle "IM"]
[BlackTitle "GM"]
[WhiteElo "2521"]
[BlackElo "2793"]
[WhiteFideId "1119591"]
[BlackFideId "5000017"]
[EventDate "2014.12.06"]

1. d4 Nf6 2. c4 e6 3. Nc3 Bb4 4. f3 d5 5. a3 Be7 6. e4 dxe4 7. fxe4 e5 8. d5 Bc5
9. Bg5 h6 10. Bh4 Bd4 11. Nb5 Bxb2 12. Rb1 a6 13. Bxf6 gxf6 14. Nxc7+ Qxc7 15.
Rxb2 Nd7 16. Qf3 b5 17. Rc2 bxc4 18. Bxc4 Qa5+ 19. Qc3 Qxc3+ 20. Rxc3 Rg8 21.
Ne2 Rxg2 22. Rg3 Rxg3 23. hxg3 Nc5 24. Nc3 Nb7 25. Rxh6 Nd6 26. Bd3 Ke7 27. Rh8
Rb8 28. Na4 Rb3 29. Kd2 Rxa3 30. Nb6 Bg4 31. Ra8 f5 32. Ra7+ Kf6 33. Nd7+ Kg5
34. Nxe5 fxe4 35. Rxa6 Rxa6 36. Bxa6 Kf5 37. Nc6 Bf3 38. Ke3 Kg4 39. Kf2 e3+ 40.
Kxe3 Bxd5 41. Ne5+ 1/2-1/2

[Event "6th LCC Super Rapidplay Open 2014"]
[Site "London ENG"]
[Date "2014.12.06"]
[Round "4.4"]
[White "Adams, Michael"]
[Black "Vakhidov, Jahongir"]
[Result "1/2-1/2"]
[WhiteTitle "GM"]
[BlackTitle "GM"]
[WhiteElo "2745"]
[BlackElo "2502"]
[WhiteFideId "400041"]
[BlackFideId "14201801"]
[EventDate "2014.12.06"]

1. e4 d5 2. exd5 Qxd5 3. Nc3 Qd6 4. d4 Nf6 5. Nf3 g6 6. Nb5 Qb6 7. Bf4 Nd5 8.
Be5 f6 9. Bg3 a6 10. Nc3 Nxc3 11. bxc3 Qb2 12. Bf4 Qxc3+ 13. Bd2 Qc6 14. Be2 Bg7
15. O-O O-O 16. Re1 Be6 17. Bb4 Re8 18. Nd2 Qa4 19. Bf3 Qxb4 20. Rxe6 Qxd4 21.
Bxb7 Ra7 22. Bf3 Rd8 23. Qf1 c6 24. Nc4 Rad7 25. Rae1 Qc5 26. g3 Bf8 27. Be2 Rd4
28. c3 R4d5 29. h4 Kf7 30. Qh3 Rf5 31. Re3 Bh6 32. h5 Kg7 33. hxg6 hxg6 34. Rf3
Rxf3 35. Bxf3 Rd3 36. Be2 Rxc3 37. Rb1 Rc1+ 38. Rxc1 Bxc1 39. Qc8 Qa7 40. Qe8
Qc7 41. Bd3 f5 42. g4 Qd7 43. Qxd7 Nxd7 44. gxf5 Nc5 45. Bc2 gxf5 46. Bxf5 Kf6
47. Bc2 Ke6 48. Na5 Kd5 49. Nb3 Nxb3 50. axb3 Kd4 51. Bf5 a5 52. Be6 c5 53. Kf1
c4 54. bxc4 a4 55. c5 a3 56. c6 Bf4 57. Ke2 Kc3 58. Kf3 Bd6 59. Ke4 Kb4 60. f4
Kc5 61. f5 Kxc6 62. Kd3 Kc5 63. Kc2 1/2-1/2

[Event "6th LCC Super Rapidplay Open 2014"]
[Site "London ENG"]
[Date "2014.12.06"]
[Round "4.6"]
[White "Sadler, Matthew D"]
[Black "Greenfeld, Alon"]
[Result "1-0"]
[WhiteTitle "GM"]
[BlackTitle "GM"]
[WhiteElo "2658"]
[BlackElo "2536"]
[WhiteFideId "400173"]
[BlackFideId "2800039"]
[EventDate "2014.12.06"]

1. e4 c5 2. Nf3 Nc6 3. Bb5 g6 4. Bxc6 bxc6 5. O-O Bg7 6. Re1 Nf6 7. e5 Nd5 8. c4
Nc7 9. d4 O-O 10. Nc3 cxd4 11. Qxd4 Ne6 12. Qh4 f6 13. exf6 exf6 14. Bd2 Ba6 15.
Rad1 f5 16. Qxd8 Raxd8 17. b3 Rfe8 18. Na4 d5 19. Ba5 Rc8 20. cxd5 cxd5 21. Rxd5
Bb7 22. Rd7 Bxf3 23. gxf3 Nf4 24. Rxe8+ Rxe8 25. Kf1 Ne2 26. Nc5 Bf6 27. a4 g5
28. Rxa7 Bd4 29. b4 Bc3 30. b5 Bd4 31. Rc7 Nf4 32. b6 Re2 33. Nd3 Ra2 34. Nxf4 1-0

[Event "6th LCC Super Rapidplay Open 2014"]
[Site "London ENG"]
[Date "2014.12.06"]
[Round "4.7"]
[White "Agdestein, Simen"]
[Black "Chirila, Ioan-Cristian"]
[Result "0-1"]
[WhiteTitle "GM"]
[BlackTitle "GM"]
[WhiteElo "2626"]
[BlackElo "2547"]
[WhiteFideId "1500015"]
[BlackFideId "1211668"]
[EventDate "2014.12.06"]

1. d4 Nf6 2. c4 g6 3. Nc3 d5 4. Nf3 Bg7 5. Qa4+ Bd7 6. Qb3 dxc4 7. Qxc4 O-O 8.
Bf4 b5 9. Qxc7 Qxc7 10. Bxc7 b4 11. Nd1 Rc8 12. Be5 Nc6 13. e3 a5 14. Bd3 a4 15.
O-O a3 16. b3 Bf5 17. Bc4 Ne4 18. Bxg7 Kxg7 19. Re1 Ra7 20. Nh4 Na5 21. Bd3 Nd2
22. Bxf5 gxf5 23. Nxf5+ Kf6 24. e4 Naxb3 25. axb3 Nxb3 26. Nde3 Nxa1 27. Nd5+
Ke6 28. Ng7+ Kd7 29. Nb6+ 0-1

[Event "6th LCC Super Rapidplay Open 2014"]
[Site "London ENG"]
[Date "2014.12.06"]
[Round "4.8"]
[White "Speelman, Jon S"]
[Black "Van Wely, Loek"]
[Result "1-0"]
[WhiteTitle "GM"]
[BlackTitle "GM"]
[WhiteElo "2501"]
[BlackElo "2667"]
[WhiteFideId "400033"]
[BlackFideId "1000268"]
[EventDate "2014.12.06"]

1. Nf3 d5 2. g3 c6 3. Bg2 Bg4 4. O-O Nd7 5. d4 e6 6. Nbd2 Ngf6 7. Re1 Be7 8. e4
O-O 9. c3 Rc8 10. h3 Bh5 11. e5 Ne8 12. Nb3 c5 13. dxc5 Nxc5 14. Be3 Na4 15. Qe2
Nc7 16. g4 Bg6 17. Nfd4 Qe8 18. f4 Be4 19. Rad1 Bxg2 20. Kxg2 a6 21. Rf1 f6 22.
exf6 Bxf6 23. Rde1 Qd7 24. Nf3 Nb5 25. Bd4 Bd8 26. Ne5 Qd6 27. Nd3 Re8 28. Be5
Qf8 29. f5 exf5 30. Rxf5 Qe7 31. Qf3 Qd7 32. Rf1 Bf6 33. Rxf6 gxf6 34. Qxf6 Rxe5
35. Nxe5 Qe8 36. Qg5+ 1-0

[Event "6th LCC Super Rapidplay Open 2014"]
[Site "London ENG"]
[Date "2014.12.06"]
[Round "4.9"]
[White "Howell, David W L"]
[Black "Hector, Jonny"]
[Result "1-0"]
[WhiteTitle "GM"]
[BlackTitle "GM"]
[WhiteElo "2670"]
[BlackElo "2477"]
[WhiteFideId "410608"]
[BlackFideId "1700090"]
[EventDate "2014.12.06"]

1. e4 e5 2. Nf3 Nc6 3. Bb5 Bc5 4. O-O Nd4 5. Nxd4 Bxd4 6. c3 Bb6 7. d4 c6 8. Ba4
d6 9. Na3 Nf6 10. Nc4 Bc7 11. Bc2 O-O 12. Bg5 h6 13. Bh4 g5 14. Bg3 Qe7 15. Re1
Bg4 16. f3 Bd7 17. a4 Rad8 18. Kh1 Nh5 19. Bf2 Bb8 20. a5 Qf6 21. Qd2 Nf4 22.
Rad1 g4 23. Be3 gxf3 24. gxf3 Nh3 25. Qg2+ Kh8 26. dxe5 Qe6 27. Nxd6 Rg8 28. Qe2
Rg6 29. f4 Qg4 30. f5 Bxd6 31. Qxg4 Rxg4 32. Rxd6 1-0

[Event "6th LCC Super Rapidplay Open 2014"]
[Site "London ENG"]
[Date "2014.12.06"]
[Round "4.10"]
[White "Parker, Jonathan F"]
[Black "Lenderman, Aleksandr"]
[Result "1/2-1/2"]
[WhiteTitle "GM"]
[BlackTitle "GM"]
[WhiteElo "2519"]
[BlackElo "2608"]
[WhiteFideId "400580"]
[BlackFideId "2021285"]
[EventDate "2014.12.06"]

1. d4 Nf6 2. c4 e6 3. Nc3 Bb4 4. Nf3 b6 5. Bg5 Bb7 6. e3 Bxc3+ 7. bxc3 d6 8. Nd2
Nbd7 9. f3 e5 10. e4 Qe7 11. Be2 Nf8 12. Nf1 Ne6 13. Bh4 exd4 14. cxd4 c5 15. e5
dxe5 16. dxe5 Rd8 17. Qa4+ Qd7 18. Qxd7+ Nxd7 19. Bxd8 Kxd8 20. Ne3 Nxe5 21. Kf2
Kc7 22. Rhd1 Nd4 23. Rac1 Re8 24. Bf1 Re7 25. Nc2 Ne6 26. Ne3 Nd4 27. Nc2 Nf5
28. Rd2 Bc6 29. Re1 g5 30. Ne3 Nd4 31. Nc2 Nxc2 32. Rxc2 f6 33. Rd2 h5 34. Be2
h4 35. Red1 Ba4 36. Rc1 Rg7 37. Rc3 Bc6 38. Re3 Re7 39. Ra3 a5 40. Re3 f5 41.
Bd1 f4 42. Re1 Re8 43. Be2 a4 44. h3 Nf7 45. Bd3 Rxe1 46. Kxe1 Ne5 47. Kd1 Bd7
48. Kc2 Nc6 49. Kc3 Nd4 50. Rd1 Kd6 51. Rb1 Kc7 52. Re1 Kd6 53. Rb1 Kc7 54. Re1
Kd6 1/2-1/2

[Event "6th LCC Super Rapidplay Open 2014"]
[Site "London ENG"]
[Date "2014.12.06"]
[Round "5.2"]
[White "Jones, Gawain C B"]
[Black "Caruana, Fabiano"]
[Result "0-1"]
[WhiteTitle "GM"]
[BlackTitle "GM"]
[WhiteElo "2661"]
[BlackElo "2829"]
[WhiteFideId "409561"]
[BlackFideId "2020009"]
[EventDate "2014.12.06"]

1. e4 e5 2. Nf3 Nc6 3. d4 exd4 4. Bc4 Bc5 5. c3 Nf6 6. e5 d5 7. Be2 Ne4 8. cxd4
Bb6 9. O-O O-O 10. Be3 f6 11. exf6 Qxf6 12. Nc3 Be6 13. Rc1 Rad8 14. h3 h6 15.
a3 Ne7 16. Na4 c6 17. Qb3 Bc7 18. Qxb7 Rd7 19. Qb3 Bxh3 20. Nc5 Nxc5 21. dxc5
Bxg2 22. Kxg2 Qg6+ 23. Ng5 Nf5 24. Rh1 Re7 25. Bh5 Nxe3+ 26. Qxe3 Qf6 27. Nh7
Kxh7 28. Qd3+ g6 29. Rc2 Qg5+ 30. Kf1 Re3 31. Bxg6+ Kg7 32. Rh5 Rxd3 33. Rxg5
Rd1+ 0-1

[Event "6th LCC Super Rapidplay Open 2014"]
[Site "London ENG"]
[Date "2014.12.06"]
[Round "5.3"]
[White "Kramnik, Vladimir"]
[Black "Ghasi, Ameet K"]
[Result "1-0"]
[WhiteTitle "GM"]
[BlackTitle "IM"]
[WhiteElo "2769"]
[BlackElo "2471"]
[WhiteFideId "4101588"]
[BlackFideId "409200"]
[EventDate "2014.12.06"]

1. Nf3 d6 2. g3 g6 3. Bg2 Bg7 4. O-O Nf6 5. b3 O-O 6. Bb2 e5 7. c4 Nbd7 8. d3
Nh5 9. Nc3 f5 10. e3 h6 11. Nd2 c6 12. b4 Ndf6 13. b5 d5 14. bxc6 bxc6 15. Qa4
Bd7 16. Qa6 e4 17. Nb3 Qb6 18. Qxb6 axb6 19. cxd5 cxd5 20. Rfd1 Rfc8 21. Nxd5
Nxd5 22. Bxg7 Nxe3 23. fxe3 Nxg7 24. dxe4 Be6 25. exf5 Bxb3 26. axb3 Rxa1 27.
Bd5+ Kf8 28. Rxa1 Nxf5 29. Kf2 Rc2+ 30. Kf3 Rc3 31. Re1 Ke7 32. Kf4 Kf6 33. e4
g5+ 34. Kg4 Ne3+ 35. Kh5 Ke5 36. Re2 g4 37. Kxh6 Kd4 38. Kg5 Rc8 39. Be6 Re8 40.
Bf5 Kd3 41. Ra2 Kd4 42. Kf4 Nf1 43. Rf2 1-0

[Event "6th LCC Super Rapidplay Open 2014"]
[Site "London ENG"]
[Date "2014.12.06"]
[Round "5.4"]
[White "Naroditsky, Daniel"]
[Black "Sadler, Matthew D"]
[Result "0-1"]
[WhiteTitle "GM"]
[BlackTitle "GM"]
[WhiteElo "2620"]
[BlackElo "2658"]
[WhiteFideId "2026961"]
[BlackFideId "400173"]
[EventDate "2014.12.06"]

1. Nf3 e6 2. c4 d5 3. g3 d4 4. Bg2 c5 5. b4 cxb4 6. a3 bxa3 7. Nxa3 Nc6 8. O-O
Nf6 9. Nb5 Be7 10. Ba3 Bxa3 11. Rxa3 a6 12. c5 O-O 13. Nd6 Ne8 14. Nc4 Qe7 15.
Qa1 Qxc5 16. Rc1 Bd7 17. Rb3 Ra7 18. Nb6 Qd6 19. Nc4 Qc5 20. Rd3 Nf6 21. Nxd4
Nxd4 22. Rxd4 Rc8 23. Rc2 b5 24. Ne3 Qf8 25. Rxc8 Qxc8 26. Rd6 a5 27. Qd4 Qc1+
28. Bf1 Qc7 29. Qb6 Qxb6 30. Rxb6 Kf8 31. Nc2 b4 32. e3 Ke7 33. Bc4 Ne4 34. d3
Nd2 35. Nd4 Nxc4 36. dxc4 e5 37. Nf3 f6 38. Nd2 Kd8 39. c5 Kc7 40. Nc4 a4 41.
Rxb4 a3 42. Rb1 a2 43. Ra1 Kc6 44. Nb2 Be6 45. Nd1 Kxc5 46. Kf1 Kb4 47. Ke2 Rc7
48. e4 Kb3 49. Kd2 Rc2+ 50. Ke3 Bc4 51. h4 Re2+ 52. Kf3 Re1 0-1

[Event "6th LCC Super Rapidplay Open 2014"]
[Site "London ENG"]
[Date "2014.12.06"]
[Round "5.5"]
[White "Chirila, Ioan-Cristian"]
[Black "Howell, David W L"]
[Result "0-1"]
[WhiteTitle "GM"]
[BlackTitle "GM"]
[WhiteElo "2547"]
[BlackElo "2670"]
[WhiteFideId "1211668"]
[BlackFideId "410608"]
[EventDate "2014.12.06"]

1. d4 Nf6 2. c4 g6 3. Nc3 d5 4. cxd5 Nxd5 5. e4 Nxc3 6. bxc3 Bg7 7. Nf3 c5 8.
Be3 Qa5 9. Qd2 Nc6 10. Rb1 a6 11. Rc1 cxd4 12. cxd4 Qxd2+ 13. Kxd2 e6 14. d5
exd5 15. exd5 Ne7 16. Re1 O-O 17. d6 Rd8 18. Bc5 Nf5 19. Bd3 Nxd6 20. Bxd6 Rxd6
21. Re8+ Bf8 22. Rhe1 b5 23. Ne5 Bb7 24. Rxa8 Bxa8 25. f3 Bd5 26. a3 Re6 27. Ng4
Bxa3 28. Rxe6 Bxe6 0-1

[Event "6th LCC Super Rapidplay Open 2014"]
[Site "London ENG"]
[Date "2014.12.06"]
[Round "5.6"]
[White "Basman, Michael J"]
[Black "Giri, Anish"]
[Result "0-1"]
[WhiteTitle "IM"]
[BlackTitle "GM"]
[WhiteElo "2330"]
[BlackElo "2768"]
[WhiteFideId "400505"]
[BlackFideId "24116068"]
[EventDate "2014.12.06"]

1. g4 d5 2. h3 e5 3. Bg2 c6 4. d4 e4 5. c4 Be6 6. Nc3 Ne7 7. f3 Ng6 8. fxe4 dxe4
9. Bxe4 Bxc4 10. Nf3 Bb4 11. Qc2 Nd7 12. h4 Nf6 13. h5 Ne7 14. h6 gxh6 15. Bxh6
Nxg4 16. Bg5 Qa5 17. Rh4 h5 18. a3 Bxc3+ 19. Qxc3 Qxc3+ 20. bxc3 f6 21. Bd2 Kf7
22. Bc2 Rae8 23. e3 Ng6 24. Bxg6+ Kxg6 25. O-O-O 0-1

[Event "6th LCC Super Rapidplay Open 2014"]
[Site "London ENG"]
[Date "2014.12.06"]
[Round "5.7"]
[White "McShane, Luke J"]
[Black "Speelman, Jon S"]
[Result "1/2-1/2"]
[WhiteTitle "GM"]
[BlackTitle "GM"]
[WhiteElo "2672"]
[BlackElo "2501"]
[WhiteFideId "404853"]
[BlackFideId "400033"]
[EventDate "2014.12.06"]

1. e4 c6 2. d4 d5 3. Nd2 dxe4 4. Nxe4 Nd7 5. Nf3 Ngf6 6. Nxf6+ Nxf6 7. c3 Bg4 8.
Be2 e6 9. Ne5 Bxe2 10. Qxe2 Be7 11. O-O O-O 12. Be3 Nd7 13. Rad1 Nxe5 14. dxe5
Qc7 15. Rd3 Rfd8 16. Rfd1 Qxe5 17. Rd7 Qb5 18. c4 Qa4 19. b3 Qb4 20. Bd2 Qa3 21.
Bc1 Qb4 22. Bd2 Qa3 23. Bc1 Qb4 1/2-1/2

[Event "6th LCC Super Rapidplay Open 2014"]
[Site "London ENG"]
[Date "2014.12.06"]
[Round "5.8"]
[White "Anand, Viswanathan"]
[Black "Dale, Ari"]
[Result "1-0"]
[WhiteTitle "GM"]
[BlackTitle "IM"]
[WhiteElo "2793"]
[BlackElo "2252"]
[WhiteFideId "5000017"]
[BlackFideId "3213145"]
[EventDate "2014.12.06"]

1. d4 Nf6 2. c4 g6 3. Nc3 d5 4. Nf3 Bg7 5. e3 O-O 6. Bd2 c5 7. dxc5 Na6 8. cxd5
Nxc5 9. Bc4 a6 10. a4 Nfe4 11. O-O Bg4 12. Be1 Rc8 13. Be2 Qb6 14. Nd4 Bxe2 15.
Qxe2 Nxc3 16. bxc3 Rfd8 17. e4 e6 18. a5 Qd6 19. f4 e5 20. fxe5 Qxe5 21. Bh4 Rd7
22. Rae1 Re8 23. Bg3 Qe7 24. d6 Qd8 25. Qc4 Nxe4 26. Nc6 bxc6 27. Rxe4 Rxe4 28.
Qxe4 Bf8 29. Qc4 c5 30. Qd5 Bxd6 31. Rd1 Qxa5 32. Bxd6 h5 33. Qe5 Kh7 34. Rf1
Qb6 35. Bxc5 1-0

[Event "6th LCC Super Rapidplay Open 2014"]
[Site "London ENG"]
[Date "2014.12.06"]
[Round "5.10"]
[White "Short, Nigel D"]
[Black "Parker, Jonathan F"]
[Result "1/2-1/2"]
[WhiteTitle "GM"]
[BlackTitle "GM"]
[WhiteElo "2661"]
[BlackElo "2519"]
[WhiteFideId "400025"]
[BlackFideId "400580"]
[EventDate "2014.12.06"]

1. c4 e5 2. e3 Nf6 3. Nc3 Nc6 4. a3 d5 5. cxd5 Nxd5 6. Qc2 Nxc3 7. Qxc3 Bd6 8.
b4 Qe7 9. Bb2 O-O 10. Nf3 Re8 11. h4 h6 12. h5 Qf8 13. Bb5 Bd7 14. Nh4 Rad8 15.
Kf1 e4 16. Bc4 Be6 17. f4 exf3 18. Nxf3 Ne5 19. Bxe6 Rxe6 20. Ke2 Qe8 21. Nd4
Rf6 22. Raf1 Rxf1 23. Rxf1 f6 24. Qb3+ Kh8 25. Rf5 Qd7 26. Qe6 Qxe6 27. Nxe6 Re8
28. Bxe5 Rxe6 29. Bxd6 Rxd6 30. a4 Kg8 31. d4 Kf7 32. Kd3 Rc6 33. Rf1 Ke7 34. b5
Rd6 35. g4 Rd5 36. Rf5 Rd6 37. e4 a6 38. Rc5 Kd7 39. Ke3 Kd8 40. d5 axb5 41.
axb5 Rd7 42. Kf4 Re7 43. Rc3 Kd7 44. Ra3 Kd6 45. Rc3 Re8 46. Rc4 Re7 47. Rc1 Re8
48. Rc2 Re7 49. Rc4 1/2-1/2

[Event "6th LCC Super Rapidplay Open 2014"]
[Site "London ENG"]
[Date "2014.12.06"]
[Round "6.2"]
[White "Caruana, Fabiano"]
[Black "Howell, David W L"]
[Result "1-0"]
[WhiteTitle "GM"]
[BlackTitle "GM"]
[WhiteElo "2829"]
[BlackElo "2670"]
[WhiteFideId "2020009"]
[BlackFideId "410608"]
[EventDate "2014.12.06"]

1. e4 e5 2. Nf3 Nc6 3. Bb5 Nf6 4. O-O Nxe4 5. d4 Nd6 6. Bxc6 dxc6 7. dxe5 Nf5 8.
Qxd8+ Kxd8 9. h3 Bd7 10. Rd1 Kc8 11. g4 Ne7 12. Ng5 Be8 13. f4 f5 14. exf6 gxf6
15. Ne6 Bd7 16. Nxf8 Rxf8 17. f5 h5 18. Kf2 c5 19. Nc3 Bc6 20. Re1 Rf7 21. Ne4
hxg4 22. hxg4 b6 23. b3 Kb7 24. Bb2 Ng8 25. Kg3 Raf8 26. Rad1 Rg7 27. Kf4 Rh7
28. Rd2 Rh3 29. Rde2 Rf7 30. Re3 Rh4 31. Kg3 Rhh7 32. Nf2 a5 33. Re6 Bd7 34.
R6e2 Bc6 35. Nd3 Rfg7 36. Nf4 Ne7 37. Rxe7 Rxe7 38. Rxe7 Rxe7 39. Bxf6 Re3+ 40.
Kh4 Rf3 41. Be5 Kc8 42. g5 Be4 43. f6 Kd7 44. Kh5 Rxf4 45. Bxf4 Ke6 46. c4 c6
47. Bc7 b5 48. Bxa5 Kf7 49. a4 bxa4 50. bxa4 Bc2 51. Bc3 Bxa4 52. g6+ Kf8 53.
Be5 1-0

[Event "6th LCC Super Rapidplay Open 2014"]
[Site "London ENG"]
[Date "2014.12.06"]
[Round "6.3"]
[White "Giri, Anish"]
[Black "Kramnik, Vladimir"]
[Result "1-0"]
[WhiteTitle "GM"]
[BlackTitle "GM"]
[WhiteElo "2768"]
[BlackElo "2769"]
[WhiteFideId "24116068"]
[BlackFideId "4101588"]
[EventDate "2014.12.06"]

1. e4 e5 2. Nf3 Nc6 3. Nc3 Nf6 4. h3 Bb4 5. Bd3 O-O 6. O-O d6 7. a3 Bxc3 8. dxc3
Ne7 9. a4 h6 10. a5 Ng6 11. c4 Be6 12. Be3 Nd7 13. b4 Nf4 14. Re1 Qf6 15. Bf1 g5
16. Kh2 Kh8 17. g3 Nxh3 18. Bxh3 g4 19. Bg2 gxf3 20. Bxf3 Bxc4 21. Kg2 Kg7 22.
Rh1 Rh8 23. Rh4 Nf8 24. Qd2 Ne6 25. Qc3 Bb5 26. Rah1 Kf8 27. Bg4 Bc6 28. Bxe6
Qxe6 29. b5 Bxb5 30. Rxh6 Rxh6 31. Rxh6 Qg4 32. f3 Qg7 33. Qxc7 a6 34. Qxd6+ Kg8
35. Rh5 1-0

[Event "6th LCC Super Rapidplay Open 2014"]
[Site "London ENG"]
[Date "2014.12.06"]
[Round "6.4"]
[White "Pert, Nicholas"]
[Black "Anand, Viswanathan"]
[Result "0-1"]
[WhiteTitle "GM"]
[BlackTitle "GM"]
[WhiteElo "2562"]
[BlackElo "2793"]
[WhiteFideId "403989"]
[BlackFideId "5000017"]
[EventDate "2014.12.06"]

1. d4 d5 2. c4 c6 3. Nf3 Nf6 4. e3 Bg4 5. h3 Bh5 6. cxd5 cxd5 7. Nc3 e6 8. g4
Bg6 9. Qb3 Qc7 10. Bd2 Nc6 11. Rc1 Be7 12. Ne5 O-O 13. Nxg6 hxg6 14. Bg2 Rac8
15. O-O g5 16. Na4 Qb8 17. Nc5 b6 18. Nd3 Ne4 19. Rfd1 Nxd2 20. Rxd2 Bd6 21.
Rdc2 Ne7 22. Qa4 Ng6 23. Rxc8 Rxc8 24. Rxc8+ Qxc8 25. Qxa7 Qc2 26. Qxb6 Qd1+ 27.
Bf1 Bh2+ 28. Kxh2 Qxf1 29. Qd8+ Kh7 30. Qxg5 Qxd3 31. h4 Qc2 32. Kg2 Qxb2 33. h5
Nh8 34. a4 Qb4 35. Qh4 Qxa4 36. g5 Kg8 37. Qf4 Qc2 38. Qb8+ Kh7 39. Qh2 Qe4+ 40.
Kf1 f6 41. g6+ Kh6 42. Qb8 Qh1+ 0-1

[Event "6th LCC Super Rapidplay Open 2014"]
[Site "London ENG"]
[Date "2014.12.06"]
[Round "6.5"]
[White "Adams, Michael"]
[Black "Hansen, Eric"]
[Result "1-0"]
[WhiteTitle "GM"]
[BlackTitle "GM"]
[WhiteElo "2745"]
[BlackElo "2577"]
[WhiteFideId "400041"]
[BlackFideId "2606771"]
[EventDate "2014.12.06"]

1. e4 e5 2. Nf3 Nc6 3. Bb5 Nf6 4. O-O Nxe4 5. d4 Nd6 6. Bxc6 dxc6 7. dxe5 Nf5 8.
Qxd8+ Kxd8 9. h3 Ke8 10. Nc3 h6 11. Ne2 b6 12. Nf4 Bb7 13. e6 Bd6 14. Re1 c5 15.
Ne5 f6 16. Nf7 Rg8 17. Nxd6+ cxd6 18. c4 g5 19. Nd5 Bxd5 20. cxd5 h5 21. a4 Nd4
22. Rb1 g4 23. h4 Nf5 24. b4 Ke7 25. bxc5 dxc5 26. a5 Rgd8 27. axb6 Rxd5 28. b7
Rb8 29. Bf4 Nd6 30. Rbd1 Rd4 31. Rxd4 cxd4 32. Bxd6+ 1-0

[Event "6th LCC Super Rapidplay Open 2014"]
[Site "London ENG"]
[Date "2014.12.06"]
[Round "6.6"]
[White "Williams, Simon K"]
[Black "McShane, Luke J"]
[Result "0-1"]
[WhiteTitle "GM"]
[BlackTitle "GM"]
[WhiteElo "2443"]
[BlackElo "2672"]
[WhiteFideId "404454"]
[BlackFideId "404853"]
[EventDate "2014.12.06"]

1. d4 d5 2. c4 c6 3. Nc3 Nf6 4. Nf3 a6 5. Qc2 dxc4 6. e4 b5 7. a4 Bb7 8. e5 Nd5
9. e6 fxe6 10. Be2 Nd7 11. Ng5 N7f6 12. Nxe6 Qc8 13. Qf5 Kf7 14. Bg4 Nc7 15.
Nxc7 Qxc7 16. Ne4 Bc8 17. Ng5+ Ke8 18. Ne6 Qd6 19. Bf4 Qd5 20. Nc7+ Kf7 21. Nxd5
Bxf5 22. Nxf6 Kxf6 23. Bf3 Rc8 24. axb5 axb5 25. Ra6 e6 26. O-O b4 27. Bxc6 c3
28. bxc3 Bd3 29. Be5+ Kg6 30. c4 Bxc4 31. Be4+ Kh6 32. Rb6 Be7 33. Re1 Bf6 34.
Rxb4 Rhd8 35. Rb2 Bxe5 36. dxe5 Rd4 37. f4 Rf8 38. g3 Rfd8 39. f5 exf5 40. Bxf5
Rd1 41. Rxd1 Rxd1+ 42. Kf2 Rf1+ 43. Ke3 Rxf5 44. Ke4 g6 45. Rc2 Be6 46. Rc6 Ba2
47. h4 Kh5 48. Rc7 Rf7 49. Rc3 Kg4 50. Ra3 Be6 51. Kd4 Rd7+ 52. Ke4 Bf5+ 0-1

[Event "6th LCC Super Rapidplay Open 2014"]
[Site "London ENG"]
[Date "2014.12.06"]
[Round "6.7"]
[White "Speelman, Jon S"]
[Black "Short, Nigel D"]
[Result "1/2-1/2"]
[WhiteTitle "GM"]
[BlackTitle "GM"]
[WhiteElo "2501"]
[BlackElo "2661"]
[WhiteFideId "400033"]
[BlackFideId "400025"]
[EventDate "2014.12.06"]

1. Nf3 c5 2. c4 Nc6 3. Nc3 g6 4. e3 Bg7 5. d4 d6 6. d5 Na5 7. Bd2 Nf6 8. a3 b6
9. Bd3 O-O 10. O-O e6 11. b4 Nb7 12. h3 exd5 13. cxd5 a6 14. b5 axb5 15. Bxb5
Bd7 16. Qe2 Bxb5 17. Qxb5 Re8 18. Ra2 Na5 19. Rb1 Qd7 20. Qf1 Qf5 21. Be1 Nxd5
22. e4 Rxe4 23. Nxe4 Qxe4 24. Bxa5 bxa5 25. Re2 Qf5 26. Rbe1 Rf8 27. Re8 Nf4 28.
Qa6 d5 29. Rxf8+ Bxf8 30. Re8 d4 31. Qxa5 Kg7 32. Qa8 Ne6 33. g3 d3 34. Qc6 c4
35. Kg2 Bc5 36. g4 Nf4+ 37. Kf1 d2 38. gxf5 d1=Q+ 39. Ne1 Nd3 40. f6+ Kh6 41.
Qf3 Qxf3 42. Nxf3 c3 43. Ne1 Nxe1 44. Kxe1 Bxa3 45. Kd1 Kg5 46. Kc2 Kxf6 47.
Kxc3 Bc5 48. f3 Kf5 49. Re4 1/2-1/2